000 00595nam a2200217Ia 4500
003 OSt
005 20220925235505.0
006 a|||||r|||| 00| 0
007 ta
008 220923b |||||||| |||| 00| 0 eng d
037 _cGeneral Book
040 _aRTL
_cRTL
_beng
041 _2eng
_aeng
082 _aX625:9.2.N8, M7
100 _aSapru R k
_9121761
245 0 _aPersonnel management in commercial banks
260 _a New Delhi
_bDeep & Deep Pub.
_c1987
300 _a212p
_ccm.
942 _hX625:9.2.N8, M7
_cGB
_2CC
999 _c597386
_d597386